|
|
|
|
| LEADER |
00580cam a2200205 7i4500 |
| 001 |
0000029184 |
| 005 |
20140217090000.0 |
| 020 |
0 |
0 |
|a 9781118216583
|
| 090 |
0 |
0 |
|a B 650.1
|b LEM
|
| 100 |
1 |
0 |
|a Lemov
|
| 245 |
1 |
0 |
|a Practice perfect :
|b 42 rules for getting better at getting better.
|
| 260 |
0 |
0 |
|a San Francisco:
|b Jossey-Bass,
|c 2012.
|
| 300 |
# |
# |
|a 263 p.
|
| 650 |
0 |
0 |
|a Success
|
| 650 |
0 |
0 |
|a Ability
|
| 650 |
0 |
0 |
|a Performance
|
| 650 |
0 |
0 |
|a Reinforcement (Psychology)
|
| 700 |
1 |
0 |
|a Woolway,
|h Erica
|
| 700 |
1 |
0 |
|a Yezzi,
|h Katie
|
| 999 |
|
|
|a B000032579
|b Book
|c Book
|e Business Information Centre
|